QCM sur le Maroc - Statistiques

Statistiques générales
  • Ce quiz a été pris 732 fois
  • Le résultat moyen est 10 sur 12
Statistiques - réponses
Question Réponse % Correct
Quelle est la capitale du Maroc ? Rabat
97%
Lequel de ces plats est typiquement marocain ? Tajine
96%
Quelle monnaie est actuellement utilisée au Maroc ? Dirham
95%
Quel est le prénom du footballeur star Hakimi ? Achraf
93%
Dans quelle zone géographique se trouve le pays ? Maghreb
91%
Qui est le créateur et présentateur du Marrakech du rire ? Jamel Debbouze
90%
Lequel de ces 4 pays n’est PAS frontalier avec le Maroc ? Portugal
88%
Quel est l’animal national ? Lion
87%
Qui est actuellement Roi du Maroc ? Mohammed VI
86%
Quel est le meilleur stade de la Coupe du Monde de football que le Maroc ai atteint ? Demi-finale
82%
Quel pays a majoritairement colonisé le pays durant la première moitié du XXème siècle ? France
68%
À quel compétition européenne le Maroc n’a participé qu’à une seule reprise ? L’Eurovision
37%
Aucun quiz correspondant
Distribution des résultats
% des personnes avec chaque résultat
Percentile par nombre de réponses
Votre historique - résultats
Vous n’avez pas pris ce quiz